[Event "Aaronson Masters 1st"]
[Site "London"]
[Date "1978.03.29"]
[Round "10"]
[White "Carleton, John Joseph"]
[Black "Botterill, George Steven"]
[Result "0-1"]
[WhiteElo "2280"]
[BlackElo "2400"]
[PlyCount "78"]
[EventDate "1978.03.23"]
[EventType "swiss"]
[EventRounds "10"]
[EventCountry "ENG"]
[SourceTitle "BritBase"]
[Source "John Saunders"]
[SourceDate "2023.12.16"]
[SourceVersion "1"]
[SourceVersionDate "2023.12.16"]
[SourceQuality "1"]

1. e4 g6 2. d4 Bg7 3. Nf3 d6 4. Be2 Nf6 5. Nbd2 O-O 6. O-O b6 7. Re1 e6 8. Bf1
Bb7 9. a4 a6 10. c3 Nbd7 11. b4 c5 12. Ba3 Qc7 13. Rc1 Rfd8 14. Qb3 h6 15. Bd3
d5 16. Qb1 c4 17. Bc2 dxe4 18. Nxe4 Nxe4 19. Bxe4 Bxe4 20. Qxe4 b5 21. Ra1 Nf6
22. Qc2 Nd5 23. Bc1 a5 24. axb5 axb4 25. Rxa8 Rxa8 26. cxb4 Nxb4 27. Qe4 Nd5
28. Ne5 Rb8 29. Qe2 c3 30. Ba3 Bxe5 31. dxe5 Qa5 32. Bd6 Rxb5 33. h4 Rb2 34.
Qc4 Qb6 35. Qc8+ Kh7 36. Bc5 Qb7 37. Qe8 c2 38. Ba3 Rb1 39. Rc1 Nf4 0-1

[Event "Aaronson Masters 1st"]
[Site "London"]
[Date "1978.03.29"]
[Round "10"]
[White "Supancic, Darko"]
[Black "Haik, Aldo"]
[Result "0-1"]
[WhiteElo "2335"]
[BlackElo "2425"]
[PlyCount "72"]
[EventDate "1978.03.23"]
[EventType "swiss"]
[EventRounds "10"]
[EventCountry "ENG"]
[SourceTitle "BritBase"]
[Source "John Saunders"]
[SourceDate "2023.12.16"]
[SourceVersion "1"]
[SourceVersionDate "2023.12.16"]
[SourceQuality "1"]

1. e4 Nf6 2. e5 Nd5 3. c4 Nb6 4. d4 d6 5. exd6 cxd6 6. h3 g6 7. Nf3 Bg7 8. Nc3
O-O 9. Be3 Bf5 10. Be2 d5 11. c5 Nc4 12. Qb3 Nc6 13. Bxc4 Na5 14. Qd1 dxc4 15.
O-O Bd3 16. Re1 Nc6 17. Qa4 Nxd4 18. Nxd4 Bxd4 19. Bxd4 Qxd4 20. Rxe7 Qxc5 21.
Rxb7 Rfb8 22. Qd7 Rxb7 23. Qxb7 Re8 24. Rd1 Re6 25. Qb8+ Kg7 26. b3 Qa5 27. b4
Qa3 28. Nd5 Qa4 29. Rd2 Qd7 30. Nc3 Qd4 31. Nb5 Qa1+ 32. Kh2 a6 33. Nc7 Qe5+
34. g3 Re7 35. Nxa6 Qe1 36. Qf4 Re4 0-1

[Event "Aaronson Masters 1st"]
[Site "London"]
[Date "1978.03.29"]
[Round "10"]
[White "Silman, Jeremy D"]
[Black "Bailey, Richard"]
[Result "0-1"]
[WhiteElo "2360"]
[BlackElo "2325"]
[PlyCount "70"]
[EventDate "1978.03.23"]
[EventType "swiss"]
[EventRounds "10"]
[EventCountry "ENG"]
[SourceTitle "BritBase"]
[Source "John Saunders"]
[SourceDate "2023.12.16"]
[SourceVersion "1"]
[SourceVersionDate "2023.12.16"]
[SourceQuality "1"]

1. e4 c5 2. Nf3 d6 3. d4 cxd4 4. Nxd4 Nf6 5. Nc3 a6 6. Bg5 e6 7. f4 Be7 8. Qf3
Qc7 9. O-O-O Nbd7 10. Bd3 h6 11. h4 Rf8 12. g4 hxg5 13. hxg5 Ng8 14. Nf5 exf5
15. Nd5 Qc6 16. exf5 Nc5 17. Rde1 Be6 18. Bc4 O-O-O 19. Rh7 Kb8 20. fxe6 fxe6
21. Qd1 exd5 22. Bxd5 Qa4 23. Rxg7 Qxf4+ 24. Qd2 Qxd2+ 25. Kxd2 Bxg5+ 26. Rxg5
Nf6 27. Bh1 Rg8 28. Rf5 Nxg4 29. Re7 Rd7 30. Re1 Ne5 31. Bd5 Rg4 32. c3 Rh7 33.
Rf6 Rh2+ 34. Re2 Ne4+ 35. Bxe4 Rxe2+ 0-1

[Event "Aaronson Masters 1st"]
[Site "London"]
[Date "1978.03.29"]
[Round "10"]
[White "Mestel, A Jonathan"]
[Black "Law, Andrew P"]
[Result "1/2-1/2"]
[WhiteElo "2450"]
[BlackElo "2345"]
[PlyCount "61"]
[EventDate "1978.03.23"]
[EventType "swiss"]
[EventRounds "10"]
[EventCountry "ENG"]
[SourceTitle "BritBase"]
[Source "John Saunders"]
[SourceDate "2023.12.16"]
[SourceVersion "1"]
[SourceVersionDate "2023.12.16"]
[SourceQuality "1"]

1. e4 c5 2. Nf3 Nc6 3. d4 cxd4 4. Nxd4 Nf6 5. Nc3 d6 6. Be3 e5 7. Ndb5 a6 8.
Na3 Rb8 9. Nd5 Nxd5 10. exd5 Ne7 11. Qd2 Nf5 12. f4 Nxe3 13. Qxe3 Be7 14. Bd3
O-O 15. O-O exf4 16. Qxf4 b5 17. c4 Bf6 18. Rab1 Be5 19. Qf2 b4 20. Nc2 b3 21.
axb3 Rxb3 22. Ne1 g6 23. Bc2 Rxb2 24. Rxb2 Bxb2 25. Bxg6 fxg6 26. Qxb2 Rxf1+
27. Kxf1 a5 28. Nf3 Qc7 29. Qe2 Qf7 30. Ke1 Bg4 31. h3 1/2-1/2

[Event "Aaronson Masters 1st"]
[Site "London"]
[Date "1978.03.29"]
[Round "10"]
[White "Goichberg, William"]
[Black "Britton, Richard L"]
[Result "0-1"]
[WhiteElo "2525"]
[BlackElo "2300"]
[PlyCount "50"]
[EventDate "1978.03.23"]
[EventType "swiss"]
[EventRounds "10"]
[EventCountry "ENG"]
[SourceTitle "BritBase"]
[Source "John Saunders"]
[SourceDate "2023.12.16"]
[SourceVersion "1"]
[SourceVersionDate "2023.12.16"]
[SourceQuality "1"]

1. e4 c5 2. Nf3 d6 3. d4 cxd4 4. Nxd4 Nf6 5. Nc3 a6 6. a4 e5 7. Nf3 Be7 8. Bg5
Be6 9. Bxf6 Bxf6 10. Nd5 Nd7 11. Bc4 Rc8 12. b3 Bg5 13. O-O Bh6 14. a5 O-O 15.
Qe2 Kh8 16. Rfd1 f5 17. Nb6 fxe4 18. Nxe5 Nxe5 19. Bxe6 Nf3+ 20. gxf3 exf3 21.
Qf1 Rxc2 22. Ra4 Bf4 23. Qh3 Qg5+ 24. Qg4 Qc5 25. Rf1 Qxf2+ 0-1

[Event "Aaronson Masters 1st"]
[Site "London"]
[Date "1978.03.29"]
[Round "10"]
[White "Webb, Simon"]
[Black "Garbett, Paul Anthony"]
[Result "1/2-1/2"]
[WhiteElo "2445"]
[BlackElo "2310"]
[PlyCount "49"]
[EventDate "1978.03.23"]
[EventType "swiss"]
[EventRounds "10"]
[EventCountry "ENG"]
[SourceTitle "BritBase"]
[Source "John Saunders"]
[SourceDate "2023.12.16"]
[SourceVersion "1"]
[SourceVersionDate "2023.12.16"]
[SourceQuality "1"]

1. Nf3 Nf6 2. g3 g6 3. b3 Bg7 4. Bb2 O-O 5. Bg2 d6 6. d4 Nbd7 7. c4 e5 8. dxe5
Ng4 9. O-O Ngxe5 10. Nc3 Rb8 11. Qd2 Nxf3+ 12. Bxf3 Ne5 13. Bg2 Be6 14. Rad1
Re8 15. h3 h5 16. Nd5 Qc8 17. Kh2 h4 18. gxh4 Bxd5 19. Bxd5 Qf5 20. Bd4 Qh5 21.
Bxa7 Bh6 22. Be3 Ng4+ 23. hxg4 Qxh4+ 24. Kg1 Rxe3 25. Qd4 1/2-1/2

[Event "Aaronson Masters 1st"]
[Site "London"]
[Date "1978.03.29"]
[Round "10"]
[White "Ligterink, Gert"]
[Black "Littlewood, Paul E"]
[Result "0-1"]
[WhiteElo "2440"]
[BlackElo "2345"]
[PlyCount "48"]
[EventDate "1978.03.23"]
[EventType "swiss"]
[EventRounds "10"]
[EventCountry "ENG"]
[SourceTitle "BritBase"]
[Source "John Saunders"]
[SourceDate "2023.12.16"]
[SourceVersion "1"]
[SourceVersionDate "2023.12.16"]
[SourceQuality "1"]

1. e4 e5 2. Nf3 d6 3. d4 exd4 4. Qxd4 Nc6 5. Bb5 Bd7 6. Bxc6 Bxc6 7. Nc3 Nf6 8.
Bg5 Be7 9. O-O-O O-O 10. h4 Re8 11. Rhe1 h6 12. Bf4 Nd7 13. Qd2 Bf6 14. Nd5
Bxd5 15. exd5 Nc5 16. g4 Ne4 17. Rxe4 Rxe4 18. g5 Be5 19. Be3 h5 20. Qd3 Rg4
21. Nxe5 dxe5 22. f3 e4 23. fxe4 Qe7 24. Bd4 Rxh4 0-1

[Event "Aaronson Masters 1st"]
[Site "London"]
[Date "1978.03.29"]
[Round "10"]
[White "Soos, Bela"]
[Black "Hartston, William Roland"]
[Result "1/2-1/2"]
[WhiteElo "2425"]
[BlackElo "2475"]
[PlyCount "28"]
[EventDate "1978.03.23"]
[EventType "swiss"]
[EventRounds "10"]
[EventCountry "ENG"]
[SourceTitle "BritBase"]
[Source "John Saunders"]
[SourceDate "2023.12.16"]
[SourceVersion "1"]
[SourceVersionDate "2023.12.16"]
[SourceQuality "1"]

1. d4 Nf6 2. c4 c5 3. d5 e5 4. Nc3 d6 5. e4 Be7 6. g3 O-O 7. Bg2 Ne8 8. Nge2
Nd7 9. O-O g6 10. f4 f5 11. Be3 Ng7 12. Nc1 exf4 13. gxf4 fxe4 14. Nxe4 Nf6
1/2-1/2